Escola Emili Mira i López : 2000-2001 2000-2001
Descripción Física:
1 tríptic ; 21 cm
MARC
| LEADER | 00000nam a2200000Ia 4500 | ||
|---|---|---|---|
| 001 | 24270 | ||
| 003 | BGR | ||
| 005 | 20260324180611.0 | ||
| 008 | 160829s9999 xx 000 0 cat d | ||
| 080 | |a FU-64-109 | ||
| 245 | |a Escola Emili Mira i López : |b 2000-2001 | ||
| 260 | |a [Barcelona] : |b Diputació de Barcelona. Àrea d'Educació, DL 2000 | ||
| 300 | |a 1 tríptic ; |c 21 cm | ||
| 650 | |a Escola Emili Mira i López |x Guies |9 49753 | ||
| 650 | |a Formació professional |x Santa Coloma de Gramanet |9 49754 | ||
| 650 | |a Medicina i psicologia |9 37782 | ||
| 710 | |a Barcelona (Catalunya : Província). |b Àrea d'Educació |9 8009 | ||
| 710 | 1 | |a Escola Emili Mira i López |9 70788 | |
| 901 | |a Arxiu | ||
| 942 | |n 1 |2 udc |c MON | ||
| 952 | |0 0 |1 0 |4 0 |6 FU64109 |7 1 |9 55573 |a Arxiu |b Arxiu |d 2016-12-01 |l 0 |o FU-64-109 |p 24270 |r 2016-12-01 00:00:00 |w 2016-12-01 |y ARXIU | ||
| 999 | |c 59446 |d 59446 | ||